000 00580nam a2200217Ia 4500
005 20250508163741.0
008 008 250505s9999 xx 000 0 eng d
020 _a0-304-70514-4
037 _aReference
040 _aFEDL
_beng
_cFEDL
041 _aeng
_2eng
084 _a371.1, COW
_qFEDL
100 _aCowley Sue
_9776188
245 0 _aStarting teaching: How to succeed and survive
260 _aLondon, UK
_bCassell
_c1999
300 _axi,130p
365 _aGBP
_b9.99
650 _aTeaching
942 _cREF
_h371.1, COW
999 _c1385061
_d1385061